000 00545nam a2200217Ia 4500
003 OSt
005 20220928134938.0
006 a|||||r|||| 00| 0
007 ta
008 220927b |||||||| |||| 00| 0 eng d
024 _a355
037 _cTextual
040 _aSDCL
_cSDCL
_beng
041 _2eng
_aeng
082 _aX0aU62'P, P3
100 _aSharma T C
_9489167
245 0 _aIndia; An economic and commercial geography
260 _c2003
942 _hX0aU62'P, P3
_cTEXL
_2CC
999 _c804388
_d804388